| 000 | 00499nam a22001937a 4500 | ||
|---|---|---|---|
| 999 |
_c7889 _d7889 |
||
| 003 | BD-JhCC | ||
| 005 | 20180215095114.0 | ||
| 008 | 180215b1991 bg ||||| |||| 00| 0 ben d | ||
| 035 | _a(BD-JhCC) | ||
| 040 |
_aBD-JhCC _dBD-JhCC |
||
| 041 | _aben | ||
| 082 |
_a349.4203 _b1991 |
||
| 100 | _aহামিদ, মো:আবদুল | ||
| 245 |
_aআইন কোষ / _cমো:আবদুল হামিদ |
||
| 300 |
_a386 P. : _c22 CM. |
||
| 650 | _aLaw | ||
| 942 |
_2ddc _cBK |
||